|
|
|
|
| LEADER |
00559 a2200157 4500 |
| 008 |
140106b xxu||||| |||| 00| 0 eng d |
| 020 |
|
|
|a 9789380501505
|
| 082 |
|
|
|a 510.2462
|
| 100 |
|
|
|a Jeffrey,Alan
|
| 245 |
|
|
|a Advanced engineering mathematics/
|c Alan Jeffrey.
|
| 260 |
|
|
|c 2011.
|b Elsevier,
|a Amsterdam:
|
| 300 |
|
|
|a 1160p.
|c 24cm.
|
| 650 |
|
|
|a Enginnering mathematics.
|
| 942 |
|
|
|2 ddc
|c BK
|
| 999 |
|
|
|c 100638
|d 100638
|
| 952 |
|
|
|0 0
|1 0
|4 0
|6 510_246200000000000_JEF_A
|7 0
|9 100544
|a UL
|b UL
|c ST1
|d 2013-06-07
|e 2
|g 493.75
|l 2
|o 510.2462 JEF/A
|p 89349
|r 2014-05-07
|s 2014-05-02
|v 625.00
|y BK
|